000 00440nam a2200181Ia 4500
003 OSt
005 20220428115017.0
008 210210b1941 xxu||||| |||| 00| 0 eng d
040 _aAL
_c
041 _aeng
082 _a828/705
100 _aLOCKITT (C H) Ed
_932638
245 _aBiography of today
260 _aLondon
_bLongmans Green and Company Limited
_c1941
650 _aBiography
_932641
906 _a016551
942 _2ddc
_cBK
999 _c136132
_d136132